[Event "Meghalaya op 1st"]
[Site "Shillong"]
[Date "2023.12.14"]
[Round "2"]
[White "Pantsulaia, Levan"]
[Black "Soni, Krishan"]
[Result "1-0"]
[WhiteElo "2561"]
[BlackElo "1808"]
[PlyCount "81"]
[EventDate "2023.12.13"]
[EventType "swiss"]
[EventRounds "10"]
[EventCountry "IND"]
[SourceTitle "CB52_2023"]
[SourceDate "2023.12.27"]
[SourceVersion "1"]
[SourceVersionDate "2023.12.27"]
[SourceQuality "1"]

1. Nf3 c5 2. c4 Nf6 3. g3 b6 4. Bg2 Bb7 5. 0-0 g6 6. Nc3 Bg7 7. d4 cxd4 8. Qxd4 Nc6 9. Qf4 0-0 10. Rd1 d6 11. Qh4 h5 12. Bg5 Nh7 13. Rac1 f6 14. Be3 Rb8 15. Nd4 Nxd4 16. Qxd4 Bxg2 17. Kxg2 Qe8 18. Nb5 Qd7 19. Qd5+ Kh8 20. Nd4 Qb7 21. b4 f5 22. Ne6 Rfc8 23. Nf4 Nf8 24. f3 Qxd5 25. cxd5 Rxc1 26. Rxc1 Rb7 27. Rc8 Kh7 28. Nh3 Kg8 29. Ng5 Bh6 30. Ne6 Bxe3 31. Rxf8+ Kh7 32. f4 Bd2 33. b5 Bc3 34. Ra8 Bf6 35. h4 Kh6 36. Nd8 Rc7 37. Nc6 Kg7 38. a4 Bc3 39. Kf3 Kf6 40. Rxa7 Rxa7 41. Nxa7 1-0

[Event "Hyderabad Pearl City op"]
[Site "Hyderabad"]
[Date "2019.09.09"]
[Round "6"]
[White "Soni, Krishan"]
[Black "Dhulipalla, Bala Chandra Prasad"]
[Result "1/2-1/2"]
[WhiteElo "1935"]
[BlackElo "2422"]
[PlyCount "118"]
[EventDate "2019.09.06"]
[EventType "swiss"]
[EventRounds "11"]
[EventCountry "IND"]
[SourceTitle "EXT 2020"]
[Source "ChessBase"]
[SourceDate "2019.10.17"]
[SourceVersion "1"]
[SourceVersionDate "2019.10.17"]
[SourceQuality "1"]

1. Nf3 Nc6 2. c4 e5 3. Nc3 Nf6 4. d3 g6 5. g3 Bg7 6. Bg2 0-0 7. Rb1 d6 8. b4 a6 9. 0-0 h6 10. Bd2 Be6 11. e4 Ne7 12. a4 c6 13. b5 axb5 14. axb5 Nd7 15. bxc6 bxc6 16. Ne1 Nc5 17. Be3 Qa5 18. Qd2 f5 19. Bxc5 Qxc5 20. Rb7 Ra7 21. Rxa7 Qxa7 22. Nc2 f4 23. Ra1 Qd7 24. f3 h5 25. Qf2 Nc8 26. Bf1 Qf7 27. Kg2 g5 28. Be2 g4 29. Rf1 Ne7 30. Qa7 Qf6 31. Nb4 Bc8 32. c5 Kh8 33. cxd6 Qxd6 34. Nc2 Ng6 35. Ne1 Qb4 36. Qa1 Qe7 37. Nd1 gxf3+ 38. Nxf3 h4 39. gxh4 Nxh4+ 40. Kh1 Rd8 41. Qc3 Rd6 42. Qc5 Nxf3 43. Bxf3 Qd8 44. Nf2 Ba6 45. Rg1 Bxd3 46. Nxd3 Rxd3 47. Qxc6 Rd6 48. Qb7 Qd7 49. Qxd7 Rxd7 50. Rd1 Rc7 51. h4 Rc2 52. Rd8+ Kh7 53. Bg4 Rf2 54. Kg1 Rb2 55. Rc8 Rb3 56. Kf2 Rb2+ 57. Kf3 Rb3+ 58. Kf2 Rb2+ 59. Kf3 Rb3+ 1/2-1/2

[Event "Bhubaneswar op 3rd"]
[Site "Bhubaneswar"]
[Date "2011.05.30"]
[Round "4"]
[White "Grover, Sahaj"]
[Black "Soni, Krishan"]
[Result "1-0"]
[WhiteElo "2485"]
[BlackElo "2145"]
[PlyCount "79"]
[EventDate "2011.05.28"]
[EventType "swiss"]
[EventRounds "11"]
[EventCountry "IND"]
[SourceTitle "CBM 142 Extra"]
[Source "ChessBase"]
[SourceDate "2011.06.27"]
[SourceVersion "1"]
[SourceVersionDate "2011.06.27"]
[SourceQuality "1"]

1. e4 g6 2. d4 Bg7 3. Nc3 d6 4. f4 f5 5. Nf3 fxe4 6. Nxe4 Nf6 7. Bd3 Nxe4 8. Bxe4 Nd7 9. Qe2 c6 10. Bd2 Nf6 11. Bd3 Bf5 12. 0-0 Bxd3 13. Qxd3 Qd7 14. Ng5 Qf5 15. Qb3 Nd7 16. Ne6 Kf7 17. Nc7+ d5 18. Nxa8 Bxd4+ 19. Kh1 Rxa8 20. Rae1 Nc5 21. Qb4 Qf6 22. c3 Bf2 23. Rxf2 Nd3 24. Qxb7 Nxf2+ 25. Kg1 Ne4 26. Rxe4 dxe4 27. Qxa8 Qd6 28. Be3 Qd1+ 29. Kf2 Qc2+ 30. Kg3 Qxb2 31. Qxc6 Qxa2 32. Qxe4 Qb3 33. Qe5 a6 34. Bd4 Qc4 35. h3 Qd3+ 36. Kh2 h5 37. Bc5 Qd7 38. Bd4 Qc6 39. f5 Ke8 40. Bc5 1-0